Capitali di stati USA - Morte improvvisa - Statistics

Statistiche generali
  • Questo quiz è stato fatto 61 volte
  • Il punteggio medio è 11 su 50
Answers on the Grid
Answers color-coded by a green-red scale on the quiz's grid according to % correct below.
Albany
Albuquerque
Anchorage
Annapolis
Arlington
Atlanta
Augusta
Austin
Baltimora
Baton Rouge
Billings
Birmingham
Bismarck
Boise
Boston
Bridgeport
Burlington
Carson City
Casper
Cedar Rapids
Charleston
Charlotte
Cheyenne
Chicago
Cleveland
Colorado Springs
Columbia
Columbus
Concord
Dallas
Denver
Des Moines
Detroit
Dover
El Paso
Fargo
Filadelfia
Fort Smith
Fort Wayne
Fort Worth
Frankfort
Fresno
Gulfport
Harrisburg
Hartford
Helena
Hilo
Honolulu
Houston
Huntington
Indianapolis
Jackson
Jacksonville
Jefferson City
Juneau
Kansas city
Lansing
Las Vegas
Lincoln
Little Rock
Long Beach
Los Angeles
Louisville
Madison
Manchester
Memphis
Meridian
Mesa
Miami
Millwaukee
Minneapolis
Montgomery
Montpelier
Nashville
New Orleans
New York City
Newark
Oakland
Oklahoma City
Olympia
Omaha
Phoenix
Pierre
Portland
Providence
Raleigh
Richmond
Sacramento
Saint Paul
Salem
Salt Lake City
San Antonio
San Diego
San Francisco
San Jose
Santa Fe
Seattle
Sioux Falls
Springfield
Tallahassee
Topeka
Trenton
Tucson
Tulsa
Virginia Beach
Warwick
West Valley City
Wichita
Wilmington
Wolchester
 
Statistiche sulle risposte
Risposta % Corretto
Albany
80%
Atlanta
47%
Denver
40%
Boston
37%
Boise
33%
Annapolis
30%
Augusta
30%
Baton Rouge
30%
Des Moines
30%
Honolulu
30%
Austin
27%
Bismarck
27%
Carson City
27%
Cheyenne
27%
Columbus
27%
Helena
23%
Charleston
20%
Concord
20%
Frankfort
20%
Indianapolis
20%
Juneau
20%
Little Rock
20%
Columbia
17%
Dover
17%
Harrisburg
17%
Hartford
17%
Jackson
17%
Jefferson City
17%
Lansing
17%
Oklahoma City
17%
Phoenix
17%
Pierre
17%
Sacramento
17%
Salt Lake City
17%
Madison
13%
Montpelier
13%
Nashville
13%
Olympia
13%
Providence
13%
Raleigh
13%
Richmond
13%
Saint Paul
13%
Tallahassee
13%
Topeka
13%
Trenton
13%
Lincoln
10%
Montgomery
10%
Salem
10%
Santa Fe
10%
Springfield
10%
Nessun quiz corrispondente trovato
Distribuzione punteggi
Percentuale di utenti per punteggio
Percentile per numero di risposta
I tuoi punteggi nel tempo
Non hai fatto questo quiz